46 West Grab Bag VIII - Statistics

General Stats
  • This quiz has been taken 3 times
  • The average score is 8 of 20
Answer Stats
Question Answer % Correct
Guinness beer was first brewed in which country? Ireland
100%
This University is the oldest institute of higher education in the United States and was founded in 1636. Harvard
67%
What was the name of the hurricane that hit New Orleans in 2005? Hurricane Katrina
67%
How many companies are in the Dow Jones Industrial Average? 30
33%
What is the name of Batman’s loyal butler? Alfred Pennyworth
33%
Who was the 23rd president of the United States? Benjamin Harrison
33%
In Monsters, Inc., what is the name of the little girl that Sulley and Mike take care of? Boo
33%
Which song contains these lyrics: "You're just like an angel / Your skin makes me cry / You float like a feather"? Creep
33%
The first phase of the amphibian invasion and establishment of a strong foothold during WWII was nicknamed Operation Neptune, but is often referred to as this day? D-Day
33%
Who is the main character in the "Diary of a Wimpy Kid" book series? Greg Heffley
33%
What is Michael Jordan's middle name? Jeffrey
33%
Which movie features the quote: "You had me at hello." Jerry McGuire
33%
In Inside Out, which emotion is voiced by Amy Poehler? Joy
33%
Which player was drafted 13th overall in the 1996 draft? Kobe Bryant
33%
In The LEGO Batman Movie, what meal does Batman microwave? Lobster
33%
What is the full name of the main male character in The Notebook? Noah Calhoun
33%
______ is an animated Western comedy about a chameleon who accidentally becomes a town’s sheriff and must uncover a water conspiracy while proving he’s more than just a fraud. Rango
33%
What is the name of the rat in Ratatouille who dreams of becoming a chef? Remy
33%
Which popular Netflix show features a group of kids in the fictional town of Hawkins, Indiana? Stranger Things
33%
Which movie features the quote: "Winning that ticket, Rose, was the best thing that ever happened to me. It brought me to you." Titanic
33%
No matching quizzes found
Score Distribution
Percent of People with Each Score
Percentile by Number Answered
Your Score History
You have not taken this quiz